| 000 | 00816cam a2200265 4500 | ||
|---|---|---|---|
| 001 | ABS66134 | ||
| 008 | 021128n2002 000 0 eng u | ||
| 035 | _a(Sirsi) u120611 | ||
| 245 | _aFocus 2002: east Scotland | ||
| 260 | _c2002 | ||
| 490 |
_aEstates Gazette _v(0247) 23 November 2002, 87-109(16) |
||
| 590 | _aABS | ||
| 650 | _aSCOTLAND | ||
| 650 | _aEDINBURGH | ||
| 650 | _aPROPERTY-COMMERCIAL PROPERTY-RETAIL PROPERTY-RETAIL PROPERTY MARKET | ||
| 650 | _aLEISURE MARKET | ||
| 650 | _aTRANSPORT ISSUES | ||
| 650 | _aPROPERTY-COMMERCIAL PROPERTY-OFFICE PROPERTY-OFFICE PROPERTY MARKET | ||
| 650 | _aINDUSTRIAL MARKET | ||
| 650 | _aABERDEEN | ||
| 650 | _aINVERNESS | ||
| 650 | _aOUT OF TOWN SHOPPING CENTRES | ||
| 690 | _aPROPERTY-COMMERCIAL PROPERTY-COMMERCIAL PROPERTY MARKET | ||
| 942 | _n0 | ||
| 999 |
_c71666 _d71666 |
||